00466nam a22001577a 4500003000400000008004100004020001800045082001800063100001600081245008200097260003300179300001700212650004300229700001600272700002000288OSt260603b |||||||| |||| 00| 0 eng d a9780128117606 a006.312bH23D aHan, Jiawei aData Mining: Concepts and Techniques/bby Jiawei Han, Jian Pei, Hanghang Tong aCambridge:bElsevier'c2023. axxix, 752 p. aGeneralities | Knowledge | Data mining aPei, Jian  aTong, Hanghang